[Event "Julian Mazur Memorial"]
[Site "Wellington Chess Club"]
[Date "2023.08.31"]
[Round "7.6"]
[White "McConnell, Jack"]
[Black "Thirkell, Zachary"]
[Result "1/2-1/2"]
[WhiteElo "1640"]
[BlackElo "1799"]

1. e4 c6 2. d4 d5 3. Nc3 dxe4 4. Nxe4 Nf6 5. Nxf6+ exf6 6. c3 Bf5 {6...Bd6 is
the main line, because it avoids the following Ng1-e2-g3 idea.}  (6... Bd6 7.
Bd3 O-O 8. Qc2 Re8+ 9. Ne2 {Thousands of games have reached this position and
Black has a number of ninth move options.} ) 7. Ne2 Bd6 8. Ng3 Bg6 9. Bd3
{Opting to offer a trade of bishops is only one option and possibly not the
best. 9.Bc4 was originally viewed as the most critical line, while stockfish
(at least at a certain depth, points out White can simply skip directly to a
pleasant endgame with the prosaic 9.Qe2+}  (9. Bc4 O-O 10. O-O Nd7 11. f4
{Stockfish gives White a small edge here but results for White have been very
poor.} )  (9. Qe2+ {Avoiding the check in any of the three reasonable ways has
its downside.} 9... Qe7 10. Qxe7+ Kxe7 11. f4 {Restricting the bishop and
hoping to get the f-pawn immeadiately to f5.} 11... Nd7 12. Be2 h5 13. h4 Rae8
14. Kf2 Kd8 15. Kf3 Nb6 16. f5 Bxg3 17. fxg6 fxg6 $1 18. Bd3 Bc7 19. Bxg6
{White gets the two bishops in this sample line, and with more space and a
light-squared blockade should have good winning chances.} ) 9... O-O 10. Nf5
{White has plenty of options but i felt this was the most ambitious move,
planning to now prevent the exchange of bishops and permanently install a piece
on f5 where it can serve as both a blockader and attacker.} 10... Re8+ 11. Be3
{Three games have reached this position with White winning all.} 11... Bc7 $6
{Passive. Black probably needs to accept the loss of the bishop pair here and
go for counterplay on the e-file, given White has delayed castling somewhat to
optimise the knight.}  (11... Bxf5 12. Bxf5 Bf4 $5 {Or 12...g6.} 13. Qf3 Bxe3
14. fxe3 g6 15. Bc2 Qe7 16. e4 f5 17. O-O fxe4 18. Bxe4 $1 f5 (18... Qxe4 $2
19. Qxf7+ Kh8 20. Rae1 Qxe1 21. Rxe1 Rxe1+ 22. Kf2 Nd7 23. Kxe1) 19. Bc2 Qg5
{White's position looks pleasant but it is clear that if Black plays carefully
they should have nothing to worry about.} ) 12. Qc2 $6 {Missing an opportunity
to heavily cement the edge with 12.Qf3!}  (12. Qf3 Nd7 13. O-O-O Nb6 14. c4
Bxf5 15. Qxf5 g6 16. Qf3 f5 17. Kb1 {White has space, two bishops, and good
hooks on Black's kingside to use in the attack.} ) 12... Nd7 $6 {The same plan
as before, with ...Bxf5 followed by ...Bf4, would have given Black a small edge
now that White can no longer meet the move with Qf3.} 13. O-O-O Nf8 {Black's
usual plan of defence is particularly passive in this variation, and White has
ample time to attack.} 14. h4 $5 {White can also prepare the attack with
14.Kb1, but this is good too, and obviously direct.} 14... h5 {Best, but
allowing a strong continuation by White.} 15. g4 $1 hxg4 $6 {15...Qd4 was
probably a more stable option.} 16. h5 Bxf5 17. Bxf5 g3 $1 {This was an
excellent countershot, creating issues for White and making it difficult to
coordinate the pieces for the attack.} 18. Rdg1 $6 {Allowing Black's strong
response.}  (18. Rh4 $1) 18... Qd5 19. Kb1 a5 $6 {Missing an opportunity.
During the game I was concerned about the move 19...Qf3, which turns out to be
best.}  (19... Qf3 20. Bd3 {White must find this move to maintain equality.}
20... Re7 21. Be2 Qd5 22. c4 Qe4 23. Bd3 Qg4 {White should accept a draw by
repetition here, but Black could choose to play on.} )  (19... gxf2 $6 {Not an
excellent move, but this line illustrates the problems White faces with
coordination.} 20. Qxf2 $4 {20.Bxf2 is forced, and good.} 20... Rxe3 {White's
queen is simply overloaded.} 21. Qxe3 Qxf5+ 22. Ka1) 20. Bc1 {Resolving the
issues White faces with Black's e-file pressure.} 20... Qf3 {Not as effective
now as it was a move ago.} 21. fxg3 a4 $2 {I fully expected 21...Re2 here, as
everything else seemed much too slow.} 22. g4 Qe2 $2 {A poor strategic
decision. White has by far the more pleasant endgame, and I was happy to see
this trade offered.} 23. Rg2 Qxc2+ 24. Kxc2 Ne6 25. Rf1 {Restricting the
knight.} 25... Bb6 26. Rd1 Rad8 27. Rh1 {Here I took some time deciding upon a
plan, but fortunately White's advantages are fairly static.} 27... c5 {Black
logically tries to force matters, given I've wasted some time, but opening the
position doesn't bother White particualrly given it gives the bishops more
scope.} 28. dxc5 Bxc5 29. Rd2 {White is happy if all the rooks leave the
board.} 29... Rxd2+ 30. Bxd2 Nc7 31. Re1 Rxe1 $6 {Black is probably too
compliant.} 32. Bxe1 b5 {White has all the trumps in this endgame. White's king
is far more availible to support the advance of a queenside majority, and
White's majority is more mobile than Black's (as is usually the case in the
Tartakower Variation of the Caro). Furthermore White's bishops should be able
to bully the knight. All this adds up to a technically winning position.
Conversion, though slow, should be fairly simple.} 33. Bd7 Bd6 {Stopping Bg3.}
34. Bd2 {There is no harm in being direct. 34.Bf2 was much simpler.} 34... Kf8
35. Be3 Ke7 36. Bc6 Be5 37. Bc5+ {Hesitating. The original plan would indeed
have been strong enough to secure a victory.}  (37. Bb6 $1 Kd6 38. Bxc7+ Kxc7
{The king and pawn endgame is also clearly winning.} 39. Bxb5 a3 40. b4 {Though
this is an opposite coloured bishop endgame it is far from being a draw. White
is about to pick up Black's a-pawn, when they will have a three on zero
majority.} ) 37... Ke6 38. Bb4 Nd5 39. Bc5 Bd6 40. Bxd6 {This shuffling has
favoured Black, who stands better than they would have in the original line,
though White should still be winning with accurate play.} 40... Kxd6 41. Bxb5 (
41. Bxd5 Kxd5 42. Kd3 Ke5 43. b4 Kf4 $6 44. c4 bxc4+ 45. Kxc4 Kxg4 46. b5 f5
47. b6 f4 48. b7 f3 49. b8=Q f2 50. Qb1 f5 51. Kd3 Kg3 52. Ke2) 41... a3 $1
{Black's only hope of saving the position lies in this move.} 42. bxa3 $6 {This
decision makes the job of converting the position significantly harder. My
concern was that after b4 Black could try and get counterplay by targeting the
a2-pawn with the knight, but obviously they are far from achieving this, and it
factored too much into my decision.} 42... Ne3+ 43. Kd2 Nxg4 44. a4 $2 {Another
mistake. Now Black might be holding on after 44...g6.} 44... Kc5 $2 {Missing
the opportunity.}  (44... g6 45. hxg6 fxg6 46. a5 Ne5 47. a6 Nc6 48. c4 Na7
{With a blockade in place.} ) 45. Be2 Nh6 46. a5 g6 47. hxg6 $6 {White does
better to leave this pawn alone.}  (47. c4 g5 $6 48. a6 Kb6 49. c5+ $1 Ka7 50.
c6 Kb6 51. Bf3 g4 52. Bg2 Ng8 53. c7 Kxc7 54. a7 Kd7 55. a8=Q) 47... fxg6 48.
a4 {White maintains better winning chances with 48.c4.} 48... Nf7 {Black has
equalised, and should be in time to blockade the pawns now.} 49. a6 Kb6 50. a5+
Ka7 $1 {The only move.} 51. Ke3 Ne5 52. Bb5 Nf7 53. c4 Nd8 54. c5 Ne6 55. c6
Nc7 56. Bd3 g5 57. Kf3 {[%EOG] I offered a draw here as it was clear neither
side could make progress. Perhaps a few more moves should've been played, but I
trusted my opponent not to capture on a6 too hurriedly.} 57... Ne6 {Not
57...Nxa6??}  (57... Nxa6 $4 58. Bxa6 Kxa6 59. Kg4 Ka7 {Zugzwang.} 60. Kf5 Kb8
61. a6 Kc7 62. a7 $18) 58. Kg4 Kb8 $1 {Another only move.} 59. a7+ Kxa7 60. Kf5
Nd4+ 61. Kxf6 Nxc6 62. Kxg5 Nxa5 1/2-1/2

[Event "Julian Mazur Memorial"]
[Site "Wellington Chess Club"]
[Date "2023.08.31"]
[Round "7.7"]
[White "Ker, Anthony"]
[Black "Benitez, Edgar"]
[Result "1-0"]
[WhiteElo "2399"]
[BlackElo "1903"]

1. e4 e5 2. d4 exd4 3. Nf3 Nc6 4. Bc4 Be7 5. c3 Nf6 6. e5 Ne4 7. Bd5 Ng5 8.
Nxg5 Bxg5 9. Qh5 O-O 10. Bxg5 Qe8 11. Bf6 Nxe5 12. Bxe5 d6 13. cxd4 dxe5 14.
dxe5 Qb5 15. Bb3 g6 16. Qe2 Qa5+ 17. Nc3 Re8 18. f4 Qc5 19. O-O-O c6 20. Rd6 b5
21. Bc2 Kg7 22. Qf3 Bb7 23. Ne4 Qb4 24. a3 Qa5 25. Nc5 Rab8 26. b4 Qc7 27. Rhd1
Bc8 28. Rxc6 Qe7 29. Qc3 Kg8 30. Ne4 Rd8 31. Nf6+ Kg7 32. Rc7 Rxd1+ 33. Bxd1
Qe6 34. Bb3 Qf5 35. Rxf7+ 1-0

[Event "Julian Mazur Memorial"]
[Site "Wellington Chess Club"]
[Date "2023.08.31"]
[Round "7.8"]
[White "Saglam, Yigit"]
[Black "Winsley, Nicholas"]
[Result "0-1"]
[WhiteElo "1775"]
[BlackElo "2061"]

1. c4 c5 2. Nc3 Nf6 3. e4 d6 4. g3 g6 5. Bg2 Nc6 6. Nge2 Bg4 7. h3 Be6 8. d3
Qc8 9. Nf4 Bd7 10. O-O Bg7 11. Kh2 O-O 12. Rb1 Nd4 13. Be3 e5 14. Nfd5 Nxd5 15.
Nxd5 Qd8 16. a3 Bc6 17. b4 b6 18. bxc5 bxc5 19. Bxd4 exd4 20. f4 Bxd5 21. exd5
Qa5 22. a4 f5 23. Qc2 Rfe8 24. Kg1 Re3 25. Kf2 Rae8 26. Bf3 Qc3 27. Qxc3 dxc3
28. Be4 Bd4 0-1

[Event "Julian Mazur Memorial"]
[Site "Wellington Chess Club"]
[Date "2023.08.31"]
[Round "7.9"]
[White "Katkodia, Ali"]
[Black "Jackson, Ross"]
[Result "0-1"]
[WhiteElo "1609"]
[BlackElo "1925"]

1. e4 c5 2. Nf3 d6 3. d4 cxd4 4. Nxd4 Nf6 5. Nc3 a6 6. Bd3 Nc6 7. Nde2 Ne5 8.
Bf4 Nxd3+ 9. Qxd3 e6 10. e5 Nh5 11. exd6 Nxf4 12. Nxf4 Qxd6 13. Rd1 Qxd3 14.
Rxd3 Bd7 15. O-O Be7 16. Rfd1 Bc6 17. Nh5 g6 18. Ng3 O-O 19. Nge2 Rfd8 20. Nd4
Be8 21. Ne4 Rac8 22. c3 f5 23. Ng3 e5 24. Nb3 Rxd3 25. Rxd3 Kf7 26. Ne2 Bb5 27.
Re3 Rd8 28. f4 exf4 29. Nxf4 Rd1+ 30. Kf2 Rf1+ 31. Kg3 g5 32. Nd5 f4+ 0-1

[Event "Julian Mazur Memorial"]
[Site "Wellington Chess Club"]
[Date "2023.08.31"]
[Round "7.10"]
[White "Lavender, Ariel"]
[Black "Aldridge, Alan"]
[Result "0-1"]
[WhiteElo "1603"]
[BlackElo "1894"]

1. d4 Nf6 2. Nf3 d5 3. c4 c6 4. g3 Bf5 5. Bg2 h6 6. O-O e6 7. Nbd2 Nbd7 8. Re1
Be7 9. Qb3 Qc8 10. e3 O-O 11. a4 b6 12. a5 Qc7 13. Qc3 Rac8 14. b3 c5 15. Ne5
Ne4 16. Nxe4 dxe4 17. Bb2 Nxe5 18. dxe5 Rfd8 19. Red1 Rd7 20. axb6 axb6 21. Qc2
Rcd8 22. Rxd7 Qxd7 23. Bxe4 Bxe4 24. Qxe4 Qd3 25. Qxd3 Rxd3 26. Ra3 Kh7 27. Kf1
Rd2 28. Ba1 Kg6 29. Ke1 Rc2 30. Ra7 Bf8 31. Ra8 Be7 32. Ra7 Bd8 33. Rd7 Rc1+
34. Ke2 Rxa1 35. Rxd8 Ra2+ 36. Rd2 Rxd2+ 37. Kxd2 Kf5 38. f4 Kg4 39. Ke2 Kh3
40. Kf3 h5 41. e4 g6 42. f5 g5 43. Kf2 Kxh2 44. Kf3 Kh3 45. Kf2 Kg4 46. Kg2
exf5 0-1

[Event "Julian Mazur Memorial"]
[Site "Wellington Chess Club"]
[Date "2023.08.31"]
[Round "7.11"]
[White "Keith, Matthew"]
[Black "Evans, Oliver"]
[Result "1-0"]
[WhiteElo "1855"]
[BlackElo "1571"]

1. e4 e5 2. Nf3 Nc6 3. Bb5 a6 4. Ba4 d6 5. c3 g6 6. h3 h5 7. d4 b5 8. Bb3 exd4
9. Bg5 Be7 10. Bf4 dxc3 11. Nxc3 Bb7 12. Qd5 Ne5 13. Qxb7 Nd3+ 14. Kf1 Nxf4 15.
Nd5 Nxd5 16. Qc6+ Kf8 17. Qxd5 Qe8 18. Rc1 c5 19. e5 dxe5 20. Qxe5 Nf6 21. Rxc5
Bxc5 22. Qxf6 Rh7 23. Ng5 Kg8 24. Qxg6+ Rg7 25. Qxh5 Qe7 26. Nxf7 Kf8 27. Ne5
Qf6 28. f3 Bd6 29. Qh8+ Ke7 30. Nc6+ Kd7 31. Qxa8 Qg5 32. Qd8+ Kxc6 33. Qxg5
Rxg5 34. g4 Bg3 35. Kg2 Bh4 36. f4 Rg7 37. g5 Bxg5 38. fxg5 Rxg5+ 39. Kf3 Kc5
40. h4 Rh5 41. Kg4 Rh7 42. h5 Kd4 43. h6 Ke5 44. Bg8 Rh8 45. h7 Kf6 46. Rh6+
Kg7 47. Rxa6 1-0

[Event "Julian Mazur Memorial"]
[Site "Wellington Chess Club"]
[Date "2023.08.31"]
[Round "7.12"]
[White "Malcolm, Aidan"]
[Black "Osborne, Geoff"]
[Result "1-0"]
[WhiteElo "1831"]
[BlackElo "1434"]

1. e4 e5 2. Nc3 Nf6 3. f4 d5 4. fxe5 Nxe4 5. d3 Nxc3 6. bxc3 d4 7. Nf3 dxc3 8.
Be2 Bc5 9. d4 Bb6 10. O-O Nc6 11. Be3 Be6 12. Qd3 Bxa2 13. Rxa2 Nb4 14. Qb5+
Nc6 15. Qc4 Qe7 16. Qxc3 O-O 17. Qd2 h6 18. c3 Rad8 19. Kh1 Rd7 20. Qe1 g5 21.
Qg3 f6 22. Bc4+ Kh8 23. Qh3 Qh7 24. exf6 Rxf6 25. Raf2 Qg7 26. Nxg5 Rxf2 27.
Rxf2 1-0

[Event "Julian Mazur Memorial"]
[Site "Wellington Chess Club"]
[Date "2023.08.31"]
[Round "7.13"]
[White "Stoeveken, Peter"]
[Black "Grant, Elliot"]
[Result "1-0"]
[WhiteElo "1743"]
[BlackElo "1200"]

1. d4 Nf6 2. c4 e6 3. Nc3 d5 4. Bg5 Bb4 5. Nf3 h6 6. Bh4 g5 7. Bg3 Ne4 8. Qb3
Nc6 9. e3 Nxg3 10. fxg3 Bxc3+ 11. bxc3 b6 12. Bd3 f5 13. cxd5 Qxd5 14. Bc4 Qd6
15. Qc2 Bd7 16. Ba6 Na5 17. Bd3 Nc6 18. O-O Rf8 19. a3 Ne7 20. c4 c5 21. Rfd1
Bc6 22. Be2 Rd8 23. Ne5 Be4 24. Bh5+ Ng6 25. Bxg6+ Ke7 26. Qa4 a5 27. Bh5 Kf6
28. Bf3 Bxf3 29. gxf3 f4 30. Ng4+ Kg6 31. Ne5+ Kf6 32. Qc2 Rg8 33. Ng4+ Kg7 34.
Qc3 Kg6 35. d5 Qe7 36. Ne5+ Kh7 37. Nc6 Qf7 38. Nxd8 Rxd8 39. dxe6 Rxd1+ 40.
Rxd1 Qxe6 41. Qd3+ Kg7 42. Qd7+ Kf6 43. Qxe6+ Kxe6 44. gxf4 gxf4 45. e4 h5 46.
Rb1 Ke5 47. Rxb6 h4 48. Rh6 a4 49. Rxh4 Ke6 50. Rh5 Kd6 51. h4 Ke6 52. Rf5 Kd6
53. h5 Ke6 54. h6 Kd6 55. h7 Ke6 56. h8=Q Kd7 57. Qg7+ Kc6 58. Qg6+ 1-0

[Event "Julian Mazur Memorial"]
[Site "Wellington Chess Club"]
[Date "2023.08.31"]
[Round "7.14"]
[White "Farrington, Lawrence"]
[Black "Moses, Christopher"]
[Result "0-1"]
[WhiteElo "1506"]
[BlackElo "1879"]

1. d4 Nf6 2. c4 e5 3. dxe5 Ng4 4. Nf3 Nc6 5. Bf4 Bb4+ 6. Nbd2 Qe7 7. e3 Ngxe5
8. Nxe5 Nxe5 9. Be2 O-O 10. a3 Bxd2+ 11. Qxd2 b6 12. O-O Bb7 13. f3 d6 14. Bxe5
Qxe5 15. Qd4 Rae8 16. Qxe5 Rxe5 17. e4 f5 18. Bd3 fxe4 19. fxe4 Bxe4 20. Bxe4
Rxe4 21. Rxf8+ Kxf8 22. b3 Re3 23. Rb1 Ke7 24. Kf2 Re5 25. Kf3 a5 26. a4 c6 27.
g4 d5 28. cxd5 cxd5 29. Rc1 Kf6 30. Rd1 Kg5 31. h4+ Kxh4 32. Rh1+ Kg5 33. Rxh7
Kg6 34. Rh2 Re6 35. Rd2 Rd6 36. Kf4 d4 37. Ke5 Rd8 38. Ke4 Kg5 39. Kd3 Rc8 40.
Rb2 Rc3+ 41. Kxd4 Rg3 42. Ke5 Rxg4 43. Ke6 Rb4 44. Kf7 Kf4 45. Kxg7 Ke3 46. Rh2
Kd3 47. Rh3+ Kc2 48. Kf6 Rxb3 49. Rh2+ Kc3 50. Ke6 Kb4 51. Rh4+ Ka3 52. Kd6 Rb4
53. Rh3+ Kxa4 54. Kc6 Rb3 55. Rh1 b5 56. Ra1+ Ra3 57. Rxa3+ Kxa3 58. Kxb5 a4
0-1

[Event "Julian Mazur Memorial"]
[Site "Wellington Chess Club"]
[Date "2023.08.31"]
[Round "7.15"]
[White "Sova, Leo"]
[Black "Pollock, Gavin"]
[Result "1-0"]
[WhiteElo "1645"]
[BlackElo "1825"]

1. e4 c5 2. c3 Nf6 3. e5 Nd5 4. d4 cxd4 5. cxd4 Nc6 6. Nf3 a6 7. Nc3 Nb6 8. Be2
d5 9. h3 h6 10. O-O Bf5 11. b3 e6 12. Bb2 Nd7 13. Bd3 Bxd3 14. Qxd3 Be7 15. a3
b5 16. b4 Bg5 17. Bc1 Bh4 18. g3 Be7 19. Nd1 Nb6 20. Nb2 Rc8 21. Bd2 O-O 22.
Rac1 Qc7 23. Rc3 Qb7 24. Rfc1 Nc4 25. Nxc4 dxc4 26. Qe4 Rfd8 27. Qg4 Kh8 28.
R3c2 Nb8 29. Bc3 Nd7 30. Nd2 Nb6 31. Ne4 Nd5 32. Bb2 Qb6 33. Nc3 Bg5 34. Nxd5
Rxd5 35. f4 Be7 36. Rd1 Rcd8 37. Bc3 g6 38. Rcd2 h5 39. Qf3 Kh7 40. Kg2 Rf8 41.
g4 hxg4 42. hxg4 Rh8 43. Rh1+ Kg7 44. Rxh8 Kxh8 45. Qh3+ Kg7 46. g5 Kf8 47.
Qh8# 1-0

[Event "Julian Mazur Memorial"]
[Site "Wellington Chess Club"]
[Date "2023.08.31"]
[Round "7.16"]
[White "Brockway, Andrew"]
[Black "Joseph, Joji Chacko"]
[Result "1-0"]
[WhiteElo "1675"]
[BlackElo "1305"]

1. e4 c5 2. Nc3 Nc6 3. Bb5 g6 4. Bxc6 bxc6 5. f4 Bg7 6. Nf3 Nf6 7. O-O O-O 8.
d3 d6 9. Qe1 Qc7 10. Qh4 Qd7 11. h3 h5 12. Ng5 Nh7 13. Nxh7 Kxh7 14. f5 e5 15.
g4 Rh8 16. g5 Kg8 17. Rf3 d5 18. Bd2 dxe4 19. Nxe4 Qd4+ 20. Be3 Qxb2 21. Raf1
Bxf5 22. Rxf5 gxf5 23. Nf6+ Bxf6 24. gxf6 Kf8 25. Qg3 Rg8 26. Bxc5+ 1-0

[Event "Julian Mazur Memorial"]
[Site "Wellington Chess Club"]
[Date "2023.08.31"]
[Round "7.17"]
[White "Ulm, Joy"]
[Black "Tan, Jin"]
[Result "0-1"]
[WhiteElo "1664"]
[BlackElo "1236"]

1. d4 d5 2. c4 e6 3. Nc3 Nf6 4. Bg5 Bb4 5. e3 h6 6. Bh4 Nbd7 7. Nf3 b6 8. cxd5
Bxc3+ 9. bxc3 exd5 10. Bb5 O-O 11. O-O a6 12. Bc6 Ra7 13. Qb3 Bb7 14. Ne5 g5
15. Bxb7 Rxb7 16. Bg3 c5 17. Nc6 Qe8 18. Bd6 Qe6 19. Bxf8 Qxc6 20. Bxh6 Ne4 21.
Bxg5 Nxg5 22. Rac1 Ne4 23. Qc2 Qe6 24. f3 Nd6 25. Rce1 c4 26. e4 Qg6 27. Re2
dxe4 28. fxe4 Nf8 29. Rf3 Qe6 30. e5 Ne8 31. Qe4 Rd7 32. Rg3+ Ng6 33. h4 Kf8
34. h5 Ne7 35. Rf2 f5 36. Qf4 Ng7 37. Qg5 Qf7 38. Qf6 Ng8 39. Qxf7+ Rxf7 40.
Rg5 Ne7 41. h6 Ne6 42. Rh5 Rh7 43. g4 f4 44. g5 Kf7 45. Rg2 Kg6 46. Rh4 f3 47.
Rgg4 Nf5 48. Rh3 Nxg5 49. Kf2 Nxh6 50. Rg1 Ng4+ 51. Rxg4 Rxh3 52. Ke3 f2+ 53.
Kxf2 Kf5 54. Rg1 Rxc3 55. Rf1 Rf3+ 56. Ke2 Rxf1 57. Kxf1 Ke4 0-1

[Event "Julian Mazur Memorial"]
[Site "Wellington Chess Club"]
[Date "2023.08.31"]
[Round "7.19"]
[White "Ulm, Eric"]
[Black "Hupert, Leo"]
[Result "1/2-1/2"]
[WhiteElo "1433"]
[BlackElo "1350"]

1. e4 e5 2. Nf3 d6 3. d4 Nc6 4. d5 Nce7 5. Nc3 a6 6. Bd3 h6 7. Be3 Ng6 8. Qd2
Nh4 9. Nxh4 Qxh4 10. O-O-O Be7 11. f3 Qh5 12. Rdg1 f5 13. Be2 f4 14. Bf2 Qf7
15. g4 fxg3 16. hxg3 Bg5 17. Be3 Bxe3 18. Qxe3 Ne7 19. Kb1 c5 20. b3 Bd7 21. f4
O-O-O 22. fxe5 dxe5 23. Qxc5+ Kb8 24. Qd6+ Ka8 25. Qxe5 Ng6 26. Qd4 Qe7 27. Qd2
Rc8 28. Kb2 Rc5 29. b4 Ra5 30. bxa5 Qb4+ 31. Kc1 Qa3+ 32. Kd1 Rc8 33. Bd3 Rxc3
34. Ke2 Bg4+ 35. Kf2 Qf8+ 36. Ke1 Qb4 37. Kf2 Ne5 38. Rb1 Qf8+ 39. Qf4 Nxd3+
40. cxd3 Qc5+ 41. Kg2 Rc2+ 42. Kf1 g5 1/2-1/2

[Event "Julian Mazur Memorial"]
[Site "Wellington Chess Club"]
[Date "2023.08.31"]
[Round "7.20"]
[White "Ashe, Michael"]
[Black "Milsom, Marcel"]
[Result "1-0"]
[WhiteElo "1707"]
[BlackElo "1000"]

1. d4 Nf6 2. c4 e6 3. Nc3 Bb4 4. f3 d5 5. a3 Bxc3+ 6. bxc3 O-O 7. cxd5 exd5 8.
e3 Nc6 9. Bd3 Re8 10. Qc2 Bd7 11. Ne2 h6 12. O-O Nh5 13. e4 dxe4 14. fxe4 Qh4
15. e5 Bg4 16. Nf4 Red8 17. Bc4 Be6 18. Nxe6 fxe6 19. Qg6 Rf8 1-0

[Event "Julian Mazur Memorial"]
[Site "Wellington Chess Club"]
[Date "2023.08.31"]
[Round "7.22"]
[White "Fairbrother, Rebecca"]
[Black "Van Laanen, Bas"]
[Result "0-1"]
[WhiteElo "918"]
[BlackElo "1138"]

1. e4 d5 2. Bd3 dxe4 3. Bxe4 Nf6 4. Nc3 Nxe4 5. Nge2 Nxc3 6. Nxc3 Nc6 7. O-O e6
8. d3 Bd6 9. Qh5 Qf6 10. Bg5 Qg6 11. Qh4 a6 12. Rfe1 Be7 13. Ne4 h6 14. Re3
Bxg5 15. Nxg5 Qxg5 16. g3 Qxh4 17. gxh4 Bd7 18. Rf1 O-O-O 19. f4 Nd4 20. Rf2
Bc6 21. c3 Nf5 22. Rh3 Rd7 23. c4 Rhd8 24. Rd2 Rd4 25. c5 Rxf4 26. a3 Nxh4 27.
b4 Nf3+ 28. Kf1 Nxd2+ 29. Ke1 Nf3+ 0-1

[Event "Julian Mazur Memorial"]
[Site "Wellington Chess Club"]
[Date "2023.09.07"]
[Round "8.1"]
[White "Dive, Russell"]
[Black "Cilia Vincenti, David"]
[Result "1/2-1/2"]
[WhiteElo "2327"]
[BlackElo "2124"]

1. Nf3 d5 2. g3 Nd7 3. c4 dxc4 4. Na3 a6 5. Bg2 c5 6. Nxc4 b5 7. Ne3 Bb7 8. O-O
e6 9. a4 Ngf6 10. d4 Qb6 11. axb5 axb5 12. Rxa8+ Bxa8 13. b3 cxd4 14. Qxd4 Bc5
15. Qh4 O-O 16. b4 Be7 17. Rd1 Rd8 18. Bb2 Nf8 19. Rxd8 Qxd8 20. Qd4 Qxd4 21.
Nxd4 Bxg2 22. Kxg2 Bxb4 1/2-1/2

[Event "Julian Mazur Memorial"]
[Site "Wellington Chess Club"]
[Date "2023.09.07"]
[Round "8.2"]
[White "Winter, Ryan"]
[Black "Timergazi, Layla"]
[Result "1-0"]
[WhiteElo "2256"]
[BlackElo "2137"]

1. e4 c6 2. d4 d5 3. e5 Bf5 4. h4 h5 5. c4 e6 6. Nc3 Qb6 7. Nge2 Bb4 8. Ng3 Bg6
9. c5 Qc7 10. Be2 Nd7 11. a3 Bxc3+ 12. bxc3 Ne7 13. Bxh5 Nxe5 14. Bxg6 N5xg6
15. h5 Nf4 16. Qf3 e5 17. Bxf4 exf4 18. Ne2 g5 19. g3 fxg3 20. fxg3 Qd7 21. Nc1
g4 22. Qf2 Qf5 23. Qxf5 Nxf5 24. Kf2 O-O-O 25. Nd3 f6 26. Rae1 Rde8 27. Nf4 Kd7
28. Rxe8 Kxe8 29. Rb1 Rh7 30. Re1+ Re7 31. Rxe7+ Kxe7 32. Ng2 Ke6 33. Ne3 Nh6
34. Ke2 f5 35. Kd3 Kf6 36. c4 dxc4+ 37. Nxc4 Kg5 38. Ke3 Ng8 39. Na5 Nf6 40.
Nxb7 Nd5+ 41. Kf2 Kxh5 42. Nd8 Ne7 43. Ke3 Kg6 44. Ne6 Nd5+ 45. Kf2 Kf7 46.
Nd8+ Kf6 47. Nxc6 a6 48. Nb4 Nc7 49. d5 a5 50. d6 Nb5 51. Nd5+ Ke6 52. Nc7+ (
52. a4 $18) 52... Nxc7 53. dxc7 Kd7 54. Ke3 Kxc7 55. Kf4 Kc6 56. Kxf5 $11
1-0

[Event "Julian Mazur Memorial"]
[Site "Wellington Chess Club"]
[Date "2023.09.07"]
[Round "8.3"]
[White "Winsley, Nicholas"]
[Black "Van der Hoorn, Thomas"]
[Result "1/2-1/2"]
[WhiteElo "2061"]
[BlackElo "2138"]

1. e4 c6 2. d4 d5 3. Nc3 dxe4 4. Nxe4 Nf6 5. Nxf6+ gxf6 6. Bc4 Bf5 7. Bf4 e6 8.
Ne2 Bd6 9. Bxd6 Qxd6 10. Qd2 Nd7 11. Ng3 Bg6 12. f4 O-O-O 13. O-O Nb6 14. Bb3
Qxd4+ 15. Qxd4 Rxd4 16. f5 exf5 17. Nxf5 Rd7 18. c4 c5 19. Ne3 Re8 20. Nd5 Nxd5
21. cxd5 b5 22. a4 c4 23. Bd1 Rxd5 24. axb5 Rd2 25. Rxa7 Kb8 26. Ra1 Rxb2 27.
Bf3 Be4 28. Rfe1 f5 29. Rac1 Rd8 30. Rxc4 Bxf3 31. gxf3 Rdd2 32. Rh4 Rg2+ 33.
Kh1 Rg7 34. Rg1 Rxg1+ 35. Kxg1 Rxb5 36. Rxh7 Kc7 37. Rxf7+ Kd6 38. h4 Ke6 39.
Ra7 Rb2 40. h5 Kf6 41. h6 Kg6 42. h7 Rb8 43. Kf2 Rh8 44. Ke3 Rxh7 45. Rxh7 Kxh7
46. f4 Kg6 47. Kd4 Kh5 48. Kd5 Kg6 49. Ke6 Kg7 50. Kxf5 Kf7 51. Ke5 Ke7 1/2-1/2

[Event "Julian Mazur Memorial"]
[Site "Wellington Chess Club"]
[Date "2023.09.07"]
[Round "8.4"]
[White "Hall, Nathan"]
[Black "Ker, Anthony"]
[Result "0-1"]
[WhiteElo "1895"]
[BlackElo "2399"]

1. d4 Nf6 2. Nf3 e6 3. Bf4 c5 4. e3 b6 5. Nc3 a6 6. d5 d6 7. a4 e5 8. Bg5 Be7
9. Be2 O-O 10. Bxf6 Bxf6 11. O-O Nd7 12. Nd2 Be7 13. Nc4 Rb8 14. e4 g6 15. Ne3
f5 16. Rb1 f4 17. Nc4 b5 18. axb5 axb5 19. Nxb5 Rxb5 20. Nxd6 Rb6 21. Nxc8 Qxc8
22. Bg4 Qb7 23. Be6+ Kg7 24. b3 Nf6 25. Qe2 Qa6 26. Qe1 Ra8 27. f3 Qa5 28. Qc1
Qc3 29. Ra1 Rba6 30. Rxa6 Rxa6 31. g3 fxg3 32. hxg3 Ra2 33. Qd1 Rxc2 34. Qe1
Qxb3 35. Rf2 c4 36. Qa1 Bc5 37. Qxe5 Qb1+ 0-1